000 00253nam a2200109Ia 4500
008 200302s9999 xx 000 0 und d
100 _aHazim Awbi
245 _aVntilation of Buildings 2nd ed.
260 _bSpon Press
260 _c2003
300 _a522 P.,
999 _c1823
_d1823